000
00269nam a2200097Ia 4500
001
785743
005
20250826170306.0
008
250824s9999 xx 000 0 und d
245
0
_a
ARAMIZDA KALSIN!:SEN BİR HARİKASIN!
_c
DR.PATRİCE EON
260
_b
GENÇ TİMAŞ YAYINLARI
999
_c
785743
_d
785743